1874 1891 1483 1721 1254 1081 1770 1142 1967 1919 1633 1382 1241 1971 1168 1797 1334 1668 1174 1453 1520 1825 1148 1323 1463 1477 1494 1689 1887 1488 1017 1095 1972 1170 1151 1576 1157 1962 1367 1421 1526 1927 1757 1755 1274 1697 1528 1644 1555 1646 1437 1377 1622 1901 1624 1819 1218 1170 1360 1618 1168 1927 1106 1196 1385 1367 1063 1417 1083 1673 1639 1857 1237 1832 1952 1233 1764 1817 1731 1532 1855 1939 1644 1602 1673 1434 1767 1168 1318 1603 1450 1390 1995 1084 1219 1842 1515 1991 1136 BCNSPRNW ULIB Ver.6.0+V

เปลี่ยนเป็นภาษาไทย

Change to English
 แสดงรายละเอียดบรรณานุกรม
  กลับหน้าหลัก

Brief Record : Get Marc (ISO 2709) : E-mail record : QR code < ปิดหน้าต่าง
LEADER : 00000nam 2200000uu 4500
001    13399121359
003     ULIB
008    020711s2549 th a 000 0 tha d
099    วจ.WB537^bพ172ก
100    พจนา ปิยะปกรณ์ชัย
245    การสังเคราะห์และประยุกต์องค์ความรู้ภูมิปัญญาพื้นบ้าน : การนวดตนเองด้วยกะลาในผู้สูงอายุ /^cพจนา ปิยะปกรณ์ชัย,วิสุทธิ์ โนจิตต์,ดวงใจ เกริกชัยวัน
260    ชัยนาท :^bวิทยาลัยพยาบาลบรมราชชนนี ชัยนาท,^c2549
300    134 หน้า
650    ภูมิปัญญา^xการนวด
650    การนวดด้วยตนเอง^xผู้สูงอายุ
700    วิสุทธิ์ โนจิตต์
700    ดวงใจ เกริกชัยวัน
945    ^p0^l0^i033093
999    ^aศิริพร
รายการนี้ยังไม่มีแท็ก
คุณยังไม่ได้ล็อกอิน คุณสามารถมีกิจกรรมร่วมกับเว็บไซต์ได้ แต่ต้องล็อกอินก่อน ::
  ล็อกอิน

รายการสื่อสารสนเทศ

ลำดับที่ ประเภท เลขเรียก/บาร์โค้ด สถานที่ สถานะ
1. งานวิจัย
งานวิจัย
วจ.WB537 พ172ก  
  Barcode: 033093
ห้องสมุดวิทยาเขตสวรรค์ประชารักษ์
►วิจัย
บนชั้น

รายการใกล้เคียง
    ผู้แต่ง [พจนา ปิยะปกรณ์ชัย]

BibComment


ยังไม่เคยถูกคอมเมนท์

คอมเมนท์ทรัพยากรรายการนี้
  คอมเมนท์: การสังเคราะห์และป..


 Copyright 2026. Bcnsprnw @Library